School Tools - Statistics

General Stats
  • This quiz has been taken 33 times
  • The average score is 10 of 15
Answer Stats
Hint Answer % Correct
For removing marks made with the above Eraser
100%
Used in combination with ink Pen
100%
Made with graphite/lead Pencil
100%
Used for highlighting specific things Highlighter
92%
Bigger and makes wider strokes Marker
92%
Used for cutting paper Scissors
88%
Made with crushed up limestone Chalk
56%
Crayola Crayons
56%
Used for writing until the mid-1800s Quill/Feather
56%
Colored version of the first answer Colored Pencil
52%
Cannot be erased, "Sharpie" Permanent Marker
48%
Used for covering up marks of #3 White-out
48%
Used on whiteboards Dry Erase Marker
40%
Sticky material used for combining things, cylindrical Glue Stick
32%
Used for fancy writing Calligraphy pen
28%
No matching quizzes found
Score Distribution
Percent of People with Each Score
Percentile by Number Answered
Your Score History
You have not taken this quiz